Statistics for States that are the Smallest State Bordering Another State

Click here to take the quiz!

General Stats

  • This quiz has been taken 87 times
  • The average score is 16 of 26

Answer Stats

Smallest Bordering State% Correct
Rhode Island
93%
Oregon
81%
Delaware
80%
Utah
80%
Indiana
71%
New Jersey
70%
Tennessee
70%
Alabama
67%
Connecticut
67%
Mississippi
67%
South Carolina
67%
Iowa
65%
New Hampshire
65%
Oklahoma
61%
Louisiana
59%
Maryland
58%
Arkansas
52%
Massachusetts
51%
Washington
51%
Idaho
49%
Kentucky
48%
Illinois
46%
West Virginia
46%
South Dakota
43%
North Dakota
41%
North Carolina
20%

Score Distribution

Percentile by Number Answered

Percent of People with Each Score

Your Score History

You have not taken this quiz